000 01564nam a2200325 a 4500
001 60551
003 BD-RjUL
005 20211209080845.0
008 170101s1992 bg b s o000 0 eng d
020 _a984508026X
_c: Complimentary
035 _a(BD-RjUL)60675
035 _a(OCoLC)ocm27450619
035 _a(NNC)1450898
040 _aDLC
_cDLC
_dDLC
_dBD-RjUL
_beng
041 0 _aengben
082 _223
_a304.6095492021
_bCOX 1992 (CS)
110 _aBangladesh Bureau Of Statistics.
_9179266
245 1 0 _aBangladesh population census, 1991 = বাংলাদেশ আদমশুমারী, ১৯৯১ :
_bCommunity series, Zila: Cox's bazar = কমিউনিটি সিরিজ, জেলা: কক্সবাজার /
_cBangladesh Bureau Of Statistics.
246 _aবাংলাদেশ আদমশুমারী, ১৯৯১ :
_bকমিউনিটি সিরিজ, জেলা: কক্সবাজার
260 _aDhaka :
_bBBS,
_c1992.
300 _axiv, 176 p. :
_bill. ;
_c28 cm.
490 _aCommunity series, Zila: Cox's bazar
490 _aকমিউনিটি সিরিজ, জেলা: কক্সবাজার
500 _aPrefatory matter in Bengali and English.
651 _aBangladesh
_zCox's bazar
_vCensus, 1991
_9180335
651 _aBangladesh
_zCox's bazar
_xPopulation
_vStatistics
_9180336
830 _aCommunity series, Zila: Cox's bazar
_9180337
830 _aকমিউনিটি সিরিজ, জেলা: কক্সবাজার
_9181437
942 _2ddc
_cRAR
999 _c60551
_d60551